00893nam a22002417a 4500999001500000001000600015003000900021005001700030008004200047022001500089040003800104082002200142245007500164250001300239260007100252300002900323500002300352650003600375650006400411710004500475942001200520952011900532 c5314d531412099BD-DhUAP20201207124950.0201207s2009 us 101 0 eng d  a0195-7996  aBD-DhAALcBD-DhAALbEngdBD-DhUAP00223a615.1173 UNI 04aThe United States pharmacopeia :bthe national formulary : supplement. a27th ed. aRockville, Md. :bUnited States Pharmacopeial Convention, cc2009. avarious pages ;c28 cm.  aIncludes indexes.  0aPharmacopoeiaszUnited States.  0aMedicinezUnited StatesxFormulae, receipts, prescriptions.2 aUnited States Pharmacopeial Convention.  2ddccBK 00102ddc4070aUAPCLbUAPCLcGeneral Stacksd2020-12-07o615.1173 UNIp3010012099r2020-12-07t1w2020-12-07yBK